La animación sociocultural : una alternativa para la tercera edad.

Bibliographic Details
Main Author: Cubero, María Victoria
Format: Libro
Language:English
Published: Madrid, España Siglo Veintiuno 1991
Edition:1a.ed.
Series:Trabajo social. Serie cuadernos 4
Subjects:
Online Access:

MARC

LEADER 00000cam a2200000 a 4500
001 005496
003 UAHC_CL
005 20170803120136.0
008 010822b xx j 000 1 eng
020 |a 8432307238 
040 |a UAHC_CL  |c UAHC_CL  |d UAHC_CL 
082 0 4 |a 305.6 C962 
100 1 |a Cubero, María Victoria 
245 1 3 |a La animación sociocultural :  |b una alternativa para la tercera edad. 
250 |a 1a.ed. 
260 |c 1991  |b Siglo Veintiuno  |a Madrid, España 
300 |a 83 p. 
490 0 |a Trabajo social. Serie cuadernos  |v 4 
650 4 |a ANCIANOS 
650 4 |a TRABAJO SOCIAL CON ANCIANOS 
650 4 |a VEJEZ 
900 |a 305.6 CUB 
942 |c BK 
952 |0 0  |1 0  |4 0  |6 305_600000000000000_CUB  |7 0  |8 General  |9 11930  |a BC  |b BC  |c General  |d 2017-08-03  |l 0  |o 305.6 CUB  |p 1303596  |r 2026-01-13 00:00:00  |t 1  |w 2017-08-03  |y BK 
999 |c 5496  |d 5496